| 000 -LEADER |
| fixed length control field |
01004nam a2200241Ia 4500 |
| 001 - CONTROL NUMBER |
| control field |
15258 |
| 003 - CONTROL NUMBER IDENTIFIER |
| control field |
GE_BSU |
| 008 - FIXED-LENGTH DATA ELEMENTS--GENERAL INFORMATION |
| fixed length control field |
181216s||||||||xx |||||||||||||| ||und|| |
| 040 ## - CATALOGING SOURCE |
| Transcribing agency |
GE_BSU |
| 080 ## - UNIVERSAL DECIMAL CLASSIFICATION NUMBER |
| Universal Decimal Classification number |
821.353.1 |
| 245 ## - TITLE STATEMENT |
| Title |
ჩვენი საუნჯე:ქართული მწერლობა ოც ტომად. ტ.7: ილია ჭავჭავაძე |
| 245 ## - TITLE STATEMENT |
| Remainder of title |
ლექსები, პოემები, მოთხრობები. |
| 245 ## - TITLE STATEMENT |
| Statement of responsibility, etc. |
რედ.პ.ინგოროყვა. მხატვ.ლ.გრიგოლია |
| 260 ## - PUBLICATION, DISTRIBUTION, ETC. |
| Place of publication, distribution, etc. |
თბილისი |
| 260 ## - PUBLICATION, DISTRIBUTION, ETC. |
| Name of publisher, distributor, etc. |
ნაკადული |
| 260 ## - PUBLICATION, DISTRIBUTION, ETC. |
| Date of publication, distribution, etc. |
1960 |
| 300 ## - PHYSICAL DESCRIPTION |
| Extent |
364გვ.23სმ. |
| 653 ## - INDEX TERM--UNCONTROLLED |
| Uncontrolled term |
აკაკი წერეთელი |
| 653 ## - INDEX TERM--UNCONTROLLED |
| Uncontrolled term |
ლექსები, პოემები დრამები,მოთხრობები, |
| 653 ## - INDEX TERM--UNCONTROLLED |
| Uncontrolled term |
ქართული მწერლობა. |
| 653 ## - INDEX TERM--UNCONTROLLED |
| Uncontrolled term |
ჩვენი საუნჯე |
| 942 ## - ADDED ENTRY ELEMENTS (KOHA) |
| Koha item type |
წიგნი |